Heroes of Olympus character quiz Stats

 Plays Quiz not verified by Sporcle

Support Sporcle.
Go Orange.
Score 0/9 Timer 10:00
0 Plays Today
Hint Answer % Correct
seaweed brainPercy Jackson
99.5%
wise girlAnnabeth Chase
97.9%
beauty queenPiper McLean
94.7%
hot stuffLeo Valdez
93.7%
blonde supermanJason Grace
93.7%
you can be anythingFrank Zhang
91.1%
She's so, RomanReyna
88.9%
silver and goldHazel Levesque
84.7%
DIE!!!Gleeson Hedge
67.9%

You're not logged in!

Compare scores with friends on all Sporcle quizzes.
OR
Log In

From the Vault

Historical Events of 1941

by eyedar

For those that think this is a quiz about the 1979 Steven Spielberg comedy, we apologize.
Remove Ads.
Support Sporcle.
Get the best of Sporcle when you Go Orange. This ad-free experience offers more features, more stats, and more fun while also helping to support Sporcle. Thank you for becoming a member.

Show Comments

Extras

Created Feb 7, 2016ReportNominate
Tags:bleh, Character, Here, Olympus

Top Quizzes Today


Score Distribution

Your Account Isn't Verified!

In order to create a playlist on Sporcle, you need to verify the email address you used during registration. Go to your Sporcle Settings to finish the process.

Report this User

Report this user for behavior that violates our Community Guidelines.

Details: